Konsole Nintendo - Statystyki

Ogólne statystyki
  • Ten quiz został rozwiązany 26 razy
  • Średni wynik to 11 z 16
Statystyki odpowiedzi
rok Home Console % Poprawnych
1996 Nintendo 64
95%
1990 Super Nintendo
95%
2006 Wii
82%
1989 Game Boy
77%
1998 Game Boy Color
77%
2001 GameCube
77%
2012 Wii U
77%
2011 Nintendo 3DS
73%
2017 Switch
73%
2017 Switch
73%
2025 Switch 2
73%
2025 Switch 2
73%
2001 Game Boy Advance
68%
2004 Nintendo DS
68%
1985 Nintendo Entertainment System
41%
Year Portable
14%
Nie znaleziono quizów pasujących do podanych kryteriów
Rozkład punktacji
Procent ludzi z każdym wynikiem
Percentyl według liczby udzielonych odpowiedzi
Twoja historia wyników
Nie rozwiązałeś tego quizu